000 00660nam a2200205 i 4500
999 _c29438
_d29438
001 2262753
003 OSt
005 20171205203217.0
008 780804s1976 ke 000 1 swa
010 _a 77980431
040 _aDLC
_cDLC
_dDLC
050 0 0 _aPL8704.G4
_bD6
100 1 _aGeranija, P. C.,
_d1952-
245 1 0 _aDoa la mauti /
_cP. C. Geranija & A. S. Muwanga.
260 _aNairobi :
_bHeinemann Educational Books,
_c1976.
300 _a92 p. ;
_c19 cm.
490 0 _aWaandishi wa Kiafrika ; S12
700 1 _aMuwanga, A. S.,
_d1952-
_ejoint author.
906 _a7
_bcbc
_corignew
_d3
_encip
_f19
_gy-gencatlg
942 _2lcc
_cAFRICANA
_hPL 8704 .G47 2014